000 01666nam0a22003131 4500
001 rc\4569223
005 20251117184004.0
021 _aRU
_b[66-61067]
035 _a(NLR Aleph) 008215611
090 _a8123954
_c8123954
100 _a20130416d1966 u y0rusy50 ca
101 1 _arus
_cinh
102 _aRU
105 _ay z |||a|
200 1 _aИзбранное
_e[Пьесы и статьи
_eПер. с ингуш.
_fВступ. статья В.Б. Корзуна]
_gСост. и авт. примеч. В.Б. Корзун и Ф.Г. Оздоева
210 _a[Грозный]
_cЧечено-Ингуш. кн. изд-во
_d1966
215 _a83 с.
_d16
327 1 _aСодерж.: Похищение девушки; Месть: Пьесы; Чеченский народный стих; Рецензия на сборник стихов Х.-Б. Муталиева "Родина"; Статьи
464 0 _12001#$aПохищение девушки$eПьеса$aМесть$eПьеса$aЧеченский народный стих$aРецензия на сборник стихов Х.-Б. Муталиева "Родина"$aСтатьи
_1702#1$aМуталиев$bХ.-Б. Ш.$f1910-1964$gХаджи-Бекир Шовхалович$3RU\NLR\AUTH\770286668$4570
_tСтатьи
608 _aИнгушская поэзия
_2psbo
700 1 _aМальсагов
_bЗ. К.
_f1894-1935
_gЗаурбек Куразович
702 1 _aКорзун
_bВ. Б.
_4080
_4220
_4212
702 1 _aОздоева
_bФ. Г.
_4220
_4212
801 0 _aRU
_bNLR
_gpsbo
801 1 _aRU
_bELAR
_2rusmarc
852 _aNLR
_j66-2/2266
942 _cBOOK
980 _aNB